<?xml version="1.0" encoding="UTF-8"?>
<record
    xmlns:xsi="http://www.w3.org/2001/XMLSchema-instance"
    xsi:schemaLocation="http://www.loc.gov/MARC21/slim http://www.loc.gov/standards/marcxml/schema/MARC21slim.xsd"
    xmlns="http://www.loc.gov/MARC21/slim">

  <leader>01375nam a2200241 a 4500</leader>
  <controlfield tag="003">OSt</controlfield>
  <controlfield tag="005">20240506193024.0</controlfield>
  <controlfield tag="008">190812s1982  dr            000   spa d</controlfield>
  <datafield tag="040" ind1=" " ind2=" ">
    <subfield code="a">DO-SdBNP</subfield>
    <subfield code="b">spa</subfield>
    <subfield code="c">BNPHU</subfield>
  </datafield>
  <datafield tag="082" ind1=" " ind2=" ">
    <subfield code="a">363.87293</subfield>
    <subfield code="b">R426p</subfield>
  </datafield>
  <datafield tag="110" ind1="2" ind2=" ">
    <subfield code="a">Rep&#xFA;blica Dominicana</subfield>
    <subfield code="b">Oficina Nacional de Planificaci&#xF3;n </subfield>
    <subfield code="9">9293</subfield>
  </datafield>
  <datafield tag="245" ind1="1" ind2="0">
    <subfield code="a">Primer Plan Nacional de Alimentaci&#xF3;n y Nutrici&#xF3;n </subfield>
    <subfield code="h"> </subfield>
  </datafield>
  <datafield tag="260" ind1=" " ind2=" ">
    <subfield code="a">Santo Domingo :</subfield>
    <subfield code="c">1982.</subfield>
    <subfield code="b">Oficina Nacional de Planificaci&#xF3;n </subfield>
  </datafield>
  <datafield tag="300" ind1=" " ind2=" ">
    <subfield code="a">v. ;</subfield>
    <subfield code="c">26 cm. </subfield>
  </datafield>
  <datafield tag="500" ind1=" " ind2=" ">
    <subfield code="a">Incluye referencias bibliogr&#xE1;ficas y notas al pie de las p&#xE1;ginas </subfield>
  </datafield>
  <datafield tag="505" ind1="0" ind2=" ">
    <subfield code="a">S&#xED;ntesis de la situaci&#xF3;n socio-econ&#xF3;mica -- Antecedentes -- Marco conceptual -- La situaci&#xF3;n en la Rep&#xFA;blica Dominicana -- An&#xE1;lisis   de acciones sectoriales -- Hacia una estrategia alimentaria y nutricional -- Antecedentes para la formulaci&#xF3;n de pol&#xED;ticas -- Bases y sugerencias para una pol&#xED;tica nacional de alimentaci&#xF3;n y nutrici&#xF3;n -- Aspectos program&#xE1;ticos globales -- Programas y proyectos del Plan de Alimentaci&#xF3;n y Nutrici&#xF3;n -- Costos y necesidades de financiamiento de los programas y proyectos para El Plan Nacional de Alimentaci&#xF3;n y  Nutrici&#xF3;n.</subfield>
  </datafield>
  <datafield tag="590" ind1=" " ind2=" ">
    <subfield code="a">Inventariado, 2020/VM</subfield>
  </datafield>
  <datafield tag="650" ind1=" " ind2="0">
    <subfield code="a">Nutrici&#xF3;n </subfield>
    <subfield code="9">12779</subfield>
  </datafield>
  <datafield tag="650" ind1=" " ind2="7">
    <subfield code="2">Lemb</subfield>
    <subfield code="a">Pol&#xED;tica nutricional </subfield>
    <subfield code="z">Rep&#xFA;blica Dominicana</subfield>
    <subfield code="9">76717</subfield>
  </datafield>
  <datafield tag="910" ind1=" " ind2=" ">
    <subfield code="a">En  proceso </subfield>
  </datafield>
  <datafield tag="942" ind1=" " ind2=" ">
    <subfield code="2">ddc</subfield>
    <subfield code="c">LF1</subfield>
  </datafield>
  <datafield tag="952" ind1=" " ind2=" ">
    <subfield code="0">0</subfield>
    <subfield code="1">0</subfield>
    <subfield code="2">ddc</subfield>
    <subfield code="5">3</subfield>
    <subfield code="7">2</subfield>
    <subfield code="8">MO</subfield>
    <subfield code="a">BNPHU</subfield>
    <subfield code="b">PD</subfield>
    <subfield code="d">2020-09-30</subfield>
    <subfield code="l">0</subfield>
    <subfield code="o">363.87293 R426p</subfield>
    <subfield code="p">2020-0064</subfield>
    <subfield code="r">2020-09-30</subfield>
    <subfield code="t">v.1</subfield>
    <subfield code="w">2020-09-30</subfield>
    <subfield code="y">LF1</subfield>
    <subfield code="z">Perteneci&#xF3; a la biblioteca  personal de la familia Reyes Duluc </subfield>
  </datafield>
  <datafield tag="956" ind1=" " ind2=" ">
    <subfield code="a">VMateo</subfield>
  </datafield>
  <datafield tag="999" ind1=" " ind2=" ">
    <subfield code="c">48776</subfield>
    <subfield code="d">48776</subfield>
  </datafield>
</record>
